000 01193nam a22002657a 4500
005 20170124103125.0
010 _aA-960130
020 _c150.00
_a8171460372
035 _aA-960130
037 _bCen Lib/Ret
040 _aDPL
_bHN
082 _a370.1
_bटॉलस्टॉ
100 _aटॉलस्टॉय, लेव
_947617
245 _aशिक्षादर्शन /
_cलेव टॉलस्टॉय
246 _aShikshadarshan /
_bby Lev Tolstoy
260 _bअरुण प्रकाशन
_c1998
_aदिल्ली
270 _aई-54, मानसरोवर पार्क
_bदिल्ली
_e110032
300 _a151पृ. :
_c20सेमी(सजिल्द)
_bसचित्र
490 _aशिक्षा के विविध आयाम
650 _aसार्वजनिक शिक्षा -- महत्व
_982824
650 _aसार्वजनिक शिक्षा -- सामाजिक योगदान
_982825
650 _aPublic education - Importance
_982826
650 _aPublic education - social contributions
_982827
942 _2ddc
_cHN
_h370.1
_mटॉलस्टॉ
999 _c118989
_d118989